[Event "TURNIEJ O PUCHAR UKS PALAC MLODZIEZY KATOWICE Z OKAZJI DNIA NIEPODLEGLOSCI"]
[Site "Centrum Kongresow i Rekreacji Orle Gniazdo ul. Wrzosowa 28a, Szczyrk"]
[Date "1899-12-30"]
[Round "6.65"]
[White "Zerebiec, Maurycy"]
[Black "Czerwinska, Oliwia"]
[Result "1-0"]
[WhiteTitle "II"]
[BlackTitle "II+"]
[WhiteElo "1248"]
[BlackElo "1202"]

1. d4 d5 2. c4 c6 3. cxd5 cxd5 4. Nc3 Nf6 5. Bf4 e6 6. Nf3 Nc6 7. e3 Bd6 8. Bxd6
Qxd6 9. Bd3 Bd7 10. O-O O-O 11. Rc1 Rac8 12. a3 a6 13. b4 b5 14. Nd2 Be8 15. Nb3
Nd7 16. f4 h6 17. Qf3 f5 18. g4 Qe7 19. Nc5 Nxc5 20. bxc5 Qf7 21. Rc2 b4 22. axb4
Nxb4 23. Rd2 Nxd3 24. Rxd3 Qg6 25. h3 h5 26. g5 Qf7 27. Ra1 Ra8 28. Na4 Bxa4 29.
Rxa4 g6 30. Rda3 Qb7 31. Qe2 Qb1+ 32. Kf2 Rfb8 33. Ra2 Qb7 34. Rxa6 Rxa6 35. Qxa6
Qxa6 36. Rxa6 Rb2+ 37. Kf3 Kf7 38. Ra7+ Kf8 39. c6 Rc2 40. c7 1-0

[Event "TURNIEJ O PUCHAR UKS PALAC MLODZIEZY KATOWICE Z OKAZJI DNIA NIEPODLEGLOSCI"]
[Site "Centrum Kongresow i Rekreacji Orle Gniazdo ul. Wrzosowa 28a, Szczyrk"]
[Date "1899-12-30"]
[Round "7.1"]
[White "Warakomski, Tomasz"]
[Black "Goluch, Piotr"]
[Result "1-0"]
[WhiteTitle "IM"]
[BlackTitle "FM"]
[WhiteElo "2485"]
[BlackElo "2264"]

1. e4 c6 2. d4 d5 3. e5 Bf5 4. Nf3 e6 5. Be2 Nd7 6. O-O h6 7. Nbd2 Ne7 8. Nb3 Bh7
9. a4 Nf5 10. a5 Be7 11. Bd2 O-O 12. c4 dxc4 13. Bxc4 b5 14. Bd3 a6 15. Be4 Rc8
16. Rc1 c5 17. dxc5 Nxc5 18. Nxc5 Rxc5 19. Rxc5 Bxc5 20. Qc2 Qc8 21. g4 Bxf2+
22. Rxf2 Qxc2 23. Bxc2 Ne7 24. Bxh7+ Kxh7 25. Bb4 Re8 26. Bxe7 Rxe7 27. Rc2 Rd7
28. Rc6 Rd3 29. Kf2 Rb3 30. Rxa6 Rxb2+ 31. Ke3 g5 32. Ra8 Rb4 33. a6 Ra4 34. Nd4
b4 35. Kd3 b3 36. Nxb3 Rxg4 37. Nc5 Rg1 38. Rf8 Ra1 39. Rxf7+ Kg6 40. Rf6+ Kh5
41. Rxe6 Ra5 42. Kc4 Kg4 43. Rxh6 Kf5 44. Kb4 Ra1 45. Na4 Rb1+ 46. Ka5 Re1 47.
Rb6 1-0

[Event "TURNIEJ O PUCHAR UKS PALAC MLODZIEZY KATOWICE Z OKAZJI DNIA NIEPODLEGLOSCI"]
[Site "Centrum Kongresow i Rekreacji Orle Gniazdo ul. Wrzosowa 28a, Szczyrk"]
[Date "1899-12-30"]
[Round "7.2"]
[White "Filewicz, Radoslaw"]
[Black "Mroziak, Maciej"]
[Result "1-0"]
[WhiteTitle "I"]
[BlackTitle "m"]
[WhiteElo "1879"]
[BlackElo "2207"]

1. d4 Nf6 2. Nf3 g6 3. g3 Bg7 4. Bg2 O-O 5. O-O d5 6. Nbd2 c6 7. c3 b6 8. Qc2 Bf5
9. Qa4 Ne4 10. Nh4 Nxd2 11. Bxd2 Bd7 12. Qc2 Na6 13. e4 dxe4 14. Bxe4 Rc8 15.
Qd3 Nc7 16. Rfe1 Nd5 17. Ng2 Nf6 18. Bf3 Bf5 19. Qe2 Re8 20. Bf4 Qd7 21. Ne3 Be6
22. Be5 Bd5 23. a4 Bxf3 24. Qxf3 Nd5 25. Bxg7 Nxe3 26. Rxe3 Kxg7 27. a5 b5 28.
Qf4 e6 29. b4 Qd5 30. Rae1 Re7 31. Re5 Qb3 32. Qe3 Rd8 33. Rc5 Rc7 34. Qe5+ Kg8
35. Qxc7 Rf8 36. Qxc6 Qc2 37. Qxb5 Qd2 38. Qe2 Qh6 39. b5 Rd8 40. b6 axb6 41.
axb6 Rb8 42. Rb1 Qf8 43. b7 Qd8 44. Qe5 Qe8 45. Qxb8 Qxb8 46. Rc8+ Qxc8 47. bxc8=Q+
1-0

[Event "TURNIEJ O PUCHAR UKS PALAC MLODZIEZY KATOWICE Z OKAZJI DNIA NIEPODLEGLOSCI"]
[Site "Centrum Kongresow i Rekreacji Orle Gniazdo ul. Wrzosowa 28a, Szczyrk"]
[Date "1899-12-30"]
[Round "7.3"]
[White "Szymczak, Zbigniew"]
[Black "Rozycki, Bartlomiej"]
[Result "0-1"]
[WhiteTitle "IM"]
[BlackTitle "k++"]
[WhiteElo "2190"]
[BlackElo "2061"]

1. d4 Nf6 2. c4 e6 3. Nf3 d5 4. g3 Bd7 5. Bg2 dxc4 6. Ne5 Bc6 7. Nxc6 Nxc6 8. e3
Qd7 9. O-O h5 10. Qa4 Nd5 11. Qxc4 h4 12. Nc3 O-O-O 13. Bd2 hxg3 14. hxg3 f5 15.
Rac1 g5 16. Rfe1 Bb4 17. a3 Bxc3 18. bxc3 f4 19. exf4 gxf4 20. Qe2 fxg3 21. Qxe6
gxf2+ 22. Kxf2 Rdf8+ 23. Kg1 Qxe6 24. Rxe6 Nf4 25. Bxf4 Rxf4 26. Rf1 Rg4 27. Rf2
Rg3 28. Rf3 Rhg8 29. Ree3 Rxg2+ 0-1

[Event "TURNIEJ O PUCHAR UKS PALAC MLODZIEZY KATOWICE Z OKAZJI DNIA NIEPODLEGLOSCI"]
[Site "Centrum Kongresow i Rekreacji Orle Gniazdo ul. Wrzosowa 28a, Szczyrk"]
[Date "1899-12-30"]
[Round "7.4"]
[White "Miasik, Adrian"]
[Black "Markiewicz, Jerzy"]
[Result "0-1"]
[WhiteTitle "I"]
[BlackTitle "FM"]
[WhiteElo "1732"]
[BlackElo "2175"]

1. d4 d5 2. Nf3 c6 3. e3 Nf6 4. c4 e6 5. Nc3 Nbd7 6. Bd3 dxc4 7. Bxc4 b5 8. Bb3
a6 9. O-O c5 10. Qe2 Bb7 11. Rd1 Qb6 12. Bc2 Be7 13. e4 cxd4 14. Nxd4 Qc7 15.
Be3 O-O 16. f3 Rac8 17. Rac1 Qb8 18. Kh1 Bd6 19. g3 Rfd8 20. Kg1 Ne5 21. f4 Nc4
22. e5 Nxe3 23. Qxe3 Ng4 24. Qe2 Bc5 25. Qxg4 Rxd4 26. Rxd4 Bxd4+ 27. Kf1 b4 28.
Ne4 Bxe4 0-1

[Event "TURNIEJ O PUCHAR UKS PALAC MLODZIEZY KATOWICE Z OKAZJI DNIA NIEPODLEGLOSCI"]
[Site "Centrum Kongresow i Rekreacji Orle Gniazdo ul. Wrzosowa 28a, Szczyrk"]
[Date "1899-12-30"]
[Round "7.5"]
[White "Urbanski, Grzegorz"]
[Black "Lorenc, Marian"]
[Result "1-0"]
[WhiteTitle "k"]
[BlackTitle "k"]
[WhiteElo "2164"]
[BlackElo "1956"]

1. e4 e5 2. Nf3 Nc6 3. Bc4 Bc5 4. c3 Nf6 5. d4 exd4 6. cxd4 Bb4+ 7. Nc3 d5 8. exd5
Nxd5 9. O-O Be6 10. Nxd5 Bxd5 11. Qe2+ Be7 12. Bg5 Bxc4 13. Qxc4 Bxg5 14. d5 Ne7
15. Qb5+ Kf8 16. Nxg5 Qxd5 17. Qxd5 Nxd5 18. Rfd1 c6 19. b4 a6 20. a3 Re8 21.
Kf1 f6 22. Nf3 Kf7 23. Nd2 Re7 24. Nc4 Rd8 25. g3 Red7 26. Re1 Ne7 27. h4 Rd4
28. Ne3 g6 29. Kg2 Nd5 1-0

[Event "TURNIEJ O PUCHAR UKS PALAC MLODZIEZY KATOWICE Z OKAZJI DNIA NIEPODLEGLOSCI"]
[Site "Centrum Kongresow i Rekreacji Orle Gniazdo ul. Wrzosowa 28a, Szczyrk"]
[Date "1899-12-30"]
[Round "7.6"]
[White "Prohorov, Olexandr"]
[Black "Poplawski, Maciej"]
[Result "1-0"]
[WhiteTitle "k"]
[BlackTitle "I"]
[WhiteElo "2074"]
[BlackElo "1839"]

1. Nf3 c6 2. d4 d5 3. c4 Bg4 4. Ne5 Nf6 5. Qb3 Bc8 6. Nc3 dxc4 7. Qxc4 e6 8. g3
Bd6 9. Bg2 Nd5 10. O-O Nxc3 11. bxc3 Nd7 12. Nxc6 bxc6 13. Qxc6 Rb8 14. Qxd6 Rb6
15. Qa3 Ra6 16. Qb3 O-O 17. Bf4 Rb6 18. Qc2 Nf6 19. a4 Nd5 20. Bd2 Qc7 21. Be4
f5 22. Bd3 Bb7 23. a5 Rc6 24. Bb5 Rd6 25. c4 Nf6 26. Bb4 Rxd4 27. Bxf8 Kxf8 28.
Rfd1 Qc5 29. Rxd4 Qxd4 30. Rd1 Qe5 31. Qd3 Kf7 32. h3 h5 33. Qe3 Qb8 34. a6 Be4
35. Qf4 Qb6 36. Qd6 Qa5 37. Qb8 Qa2 38. c5 Qc2 39. Rf1 Qxc5 40. Qd8 Bd5 41. Bd3
Qb4 42. Qc7+ Kg6 43. Qxa7 Ne4 44. Qe3 Nd2 45. Rd1 Nb3 46. a7 Qa4 47. Bc2 Qa3 48.
Bxb3 Bxb3 49. Rb1 Qa2 50. Qxb3 Qxa7 51. Qe3 Qa6 52. Rb6 Qa1+ 53. Kg2 Qa8+ 54.
f3 Kh7 55. Rxe6 Qd5 56. Re7 Kg8 57. Qa7 g5 58. Rg7+ Kh8 59. Rh7+ Kg8 60. Qg7#
1-0

[Event "TURNIEJ O PUCHAR UKS PALAC MLODZIEZY KATOWICE Z OKAZJI DNIA NIEPODLEGLOSCI"]
[Site "Centrum Kongresow i Rekreacji Orle Gniazdo ul. Wrzosowa 28a, Szczyrk"]
[Date "1899-12-30"]
[Round "7.7"]
[White "Zylinski, Piotr"]
[Black "Kowalczyk, Rafal"]
[Result "0-1"]
[WhiteTitle "I"]
[BlackTitle "k+"]
[WhiteElo "1618"]
[BlackElo "2271"]

1. d4 Nf6 2. Nf3 e6 3. e3 b6 4. Bd3 Bb7 5. O-O Be7 6. Nbd2 d5 7. b3 Nbd7 8. Bb2
O-O 9. Ne5 a5 10. a4 g6 11. Rc1 Nxe5 12. dxe5 Nd7 13. g3 f6 14. exf6 Bxf6 15.
Ba3 c5 16. e4 Bc3 17. exd5 exd5 18. Rb1 Qf6 19. f4 Rfe8 20. Nf3 Rac8 21. Bb5 Rc7
22. Qd3 Re7 23. Bxd7 Rcxd7 24. Rf2 c4 25. bxc4 dxc4 26. Qxc4+ Kg7 27. Bxe7 Rxe7
28. Rd1 Bb4 29. Ne5 Bc5 30. Rd7 Rxd7 31. Nxd7 Qa1+ 32. Qf1 Bxf2+ 33. Kxf2 Qd4+
34. Ke2 Ba6+ 0-1

[Event "TURNIEJ O PUCHAR UKS PALAC MLODZIEZY KATOWICE Z OKAZJI DNIA NIEPODLEGLOSCI"]
[Site "Centrum Kongresow i Rekreacji Orle Gniazdo ul. Wrzosowa 28a, Szczyrk"]
[Date "1899-12-30"]
[Round "7.9"]
[White "Banasik, Henryk"]
[Black "Marczak, Szymon"]
[Result "1-0"]
[WhiteTitle "k"]
[BlackTitle "I"]
[WhiteElo "1805"]
[BlackElo "1578"]

1. e4 c5 2. Nf3 e6 3. d4 cxd4 4. Nxd4 Nc6 5. Nc3 Qc7 6. Nb3 Nf6 7. Bd3 Be7 8. Bg5
h6 9. Bh4 O-O 10. Bg3 d6 11. O-O a6 12. f4 b5 13. e5 Nd5 14. exd6 Bxd6 15. Nxd5
exd5 16. Qh5 f5 17. Rad1 Qf7 18. Qxf7+ Rxf7 19. Be2 Be6 20. Bf3 Ne7 21. Rfe1 Rf6
22. Bh4 Rg6 23. Bxe7 Bxe7 24. Rxe6 Rxe6 25. Bxd5 Kf7 26. Re1 1-0

[Event "TURNIEJ O PUCHAR UKS PALAC MLODZIEZY KATOWICE Z OKAZJI DNIA NIEPODLEGLOSCI"]
[Site "Centrum Kongresow i Rekreacji Orle Gniazdo ul. Wrzosowa 28a, Szczyrk"]
[Date "1899-12-30"]
[Round "7.10"]
[White "Musiala, Jakub"]
[Black "Turlej, Lukasz"]
[Result "0-1"]
[WhiteTitle "II+"]
[BlackTitle "k"]
[WhiteElo "1433"]
[BlackElo "2090"]

1. e4 c5 2. Nc3 Nc6 3. g3 e6 4. Bg2 a6 5. f4 d6 6. Nf3 Nf6 7. d3 Be7 8. O-O Qc7
9. Qe1 b5 10. Bd2 Nd4 11. Qd1 Bb7 12. Ne2 Nxf3+ 13. Bxf3 O-O 14. Be3 d5 15. e5
Nd7 16. Bf2 a5 17. g4 f6 18. exf6 Bxf6 19. Bg3 Bxb2 20. Rb1 Bf6 21. Rxb5 Bc6 22.
Rb1 Be7 23. Qd2 Bd6 24. Bg2 Nf6 25. h3 d4 26. Bxc6 Qxc6 27. Rf2 Nd5 28. f5 Ne3
29. Bxd6 Qxd6 30. c3 exf5 31. gxf5 Nxf5 32. cxd4 cxd4 33. Rbf1 Ne3 34. Rxf8+ Rxf8
35. Rxf8+ Kxf8 36. Qe1 Qg6+ 37. Qg3 Qxg3+ 38. Nxg3 Kf7 39. Ne2 Nc2 40. a4 Ke6
41. Kf2 Ke5 42. h4 Nb4 43. Nc1 Kf4 44. Ke2 Kg4 45. Nb3 Nc6 46. Nc5 Kxh4 47. Ne6
g5 48. Ng7 g4 49. Nf5+ Kh3 50. Kf2 h5 51. Ng3 h4 52. Nf5 g3+ 53. Kg1 Kg4 54. Nd6
h3 55. Ne4 Kf4 56. Nf6 Ke3 0-1

[Event "TURNIEJ O PUCHAR UKS PALAC MLODZIEZY KATOWICE Z OKAZJI DNIA NIEPODLEGLOSCI"]
[Site "Centrum Kongresow i Rekreacji Orle Gniazdo ul. Wrzosowa 28a, Szczyrk"]
[Date "1899-12-30"]
[Round "7.11"]
[White "Kmiecik, Wojciech"]
[Black "Ciesielski, Jan"]
[Result "1-0"]
[WhiteTitle "I+"]
[BlackTitle "II+"]
[WhiteElo "1953"]
[BlackElo "1410"]

1. d4 c6 2. Nf3 d5 3. c4 Nf6 4. e3 e6 5. Nc3 Bb4 6. Qc2 O-O 7. Be2 Ne4 8. O-O Nxc3
9. bxc3 Bd6 10. e4 dxe4 11. Qxe4 Nd7 12. Bg5 Nf6 13. Qh4 Be7 14. Bd3 g6 15. Ne5
Re8 16. Qf4 Rf8 17. Qh4 Re8 18. Rae1 Nh5 19. Bxe7 Qxe7 20. Qe4 Nf6 21. Qf4 Nh5
22. Qf3 Qc7 23. Re3 Rf8 24. Qg4 b6 25. Be4 Bb7 26. Qh4 c5 27. Bxb7 Qxb7 28. Rh3
cxd4 29. cxd4 Qc7 30. g4 1-0

[Event "TURNIEJ O PUCHAR UKS PALAC MLODZIEZY KATOWICE Z OKAZJI DNIA NIEPODLEGLOSCI"]
[Site "Centrum Kongresow i Rekreacji Orle Gniazdo ul. Wrzosowa 28a, Szczyrk"]
[Date "1899-12-30"]
[Round "7.12"]
[White "Jankowiak, Tomasz"]
[Black "Swider, Pawel"]
[Result "1-0"]
[WhiteTitle "I"]
[BlackTitle "I"]
[WhiteElo "1895"]
[BlackElo "1429"]

1. e4 c6 2. d4 d5 3. exd5 cxd5 4. Bd3 Nc6 5. c3 Nf6 6. Bf4 Bg4 7. Qb3 Qd7 8. Nd2
e6 9. Ngf3 Bxf3 10. Nxf3 Bd6 11. Bxd6 Qxd6 12. O-O O-O 13. Rfe1 Na5 14. Qc2 a6
15. Ne5 b5 16. Re3 g6 17. Rg3 Ne4 18. Bxe4 dxe4 19. Qxe4 Nc4 20. Nxc4 bxc4 21.
Qe3 Qe7 22. Qh6 Qf6 23. Rh3 Qg7 24. Qxg7+ Kxg7 25. b3 Rfc8 26. Rb1 Rab8 27. b4
Rb5 28. a4 Rd5 29. Re3 Kf6 30. Rbe1 Rb8 31. f3 Rb6 32. Re5 Rb8 33. Kf2 Rc8 34.
g3 Rc7 35. Rxd5 exd5 36. Re8 Rd7 37. h4 h5 38. Ke3 Rd6 39. Kf4 Kg7 40. g4 Rf6+
41. Kg3 hxg4 42. fxg4 Rf1 43. Re3 Ra1 44. a5 Rc1 45. Kf4 Kf6 46. g5+ Kg7 47. Ke5
Rh1 48. Kxd5 Rxh4 49. b5 axb5 50. a6 Rh1 51. Kc6 Ra1 52. Kb7 Ra3 53. a7 b4 54.
a8=Q Rxa8 55. Kxa8 b3 56. Re2 f6 57. d5 fxg5 58. d6 Kf7 59. d7 1-0

[Event "TURNIEJ O PUCHAR UKS PALAC MLODZIEZY KATOWICE Z OKAZJI DNIA NIEPODLEGLOSCI"]
[Site "Centrum Kongresow i Rekreacji Orle Gniazdo ul. Wrzosowa 28a, Szczyrk"]
[Date "1899-12-30"]
[Round "7.13"]
[White "Stochnialek, Dominika"]
[Black "Polczyk, Mikolaj"]
[Result "1/2-1/2"]
[WhiteTitle "I"]
[BlackTitle "I"]
[WhiteElo "1424"]
[BlackElo "1772"]

1. e4 c5 2. Nf3 d6 3. d4 cxd4 4. Nxd4 Nf6 5. Nc3 Nc6 6. Be3 Ng4 7. Bf4 Nxd4 8.
Qxd4 e5 9. Qd1 exf4 10. Bb5+ Bd7 11. Qxg4 a6 12. Bxd7+ Qxd7 13. Qxf4 Be7 14. O-O
O-O 15. Rad1 Rfd8 16. Nd5 Rab8 17. b3 Bf8 18. c4 Qe6 19. Rd3 Re8 20. Re1 Rbc8
1/2-1/2

[Event "TURNIEJ O PUCHAR UKS PALAC MLODZIEZY KATOWICE Z OKAZJI DNIA NIEPODLEGLOSCI"]
[Site "Centrum Kongresow i Rekreacji Orle Gniazdo ul. Wrzosowa 28a, Szczyrk"]
[Date "1899-12-30"]
[Round "7.14"]
[White "Kaminski, Maciej"]
[Black "Lendzion, Kamil"]
[Result "1-0"]
[WhiteTitle "I"]
[BlackTitle "II"]
[WhiteElo "1769"]
[BlackElo "1388"]

1. d4 d5 2. Nc3 e6 3. e4 Nf6 4. e5 Nfd7 5. Nf3 c5 6. dxc5 Nxc5 7. Bf4 Nc6 8. Bb5
Bd7 9. O-O Be7 10. Nd4 O-O 11. Bxc6 Bxc6 12. Nxc6 bxc6 13. Qd4 Rb8 14. b3 a5 15.
Na4 Rb4 16. Qd2 Nxa4 17. a3 Rb8 18. bxa4 c5 19. Rab1 Qc7 20. Rb5 Rxb5 21. axb5
Rb8 22. a4 c4 23. Qd4 Bc5 24. Qb2 c3 25. Qb3 Bb4 26. Re1 Qc5 27. Be3 d4 28. Bc1
Rd8 29. g3 Rd5 30. Bf4 h6 31. h4 g5 32. hxg5 hxg5 33. Bxg5 Rxe5 34. Rxe5 Qxe5
35. Bf4 Qe1+ 36. Kg2 Qe4+ 37. Kg1 d3 38. cxd3 Qxd3 39. b6 Qd7 40. Qc4 Qxa4 41.
b7 Qd1+ 42. Kg2 Qd5+ 43. Qxd5 1-0

[Event "TURNIEJ O PUCHAR UKS PALAC MLODZIEZY KATOWICE Z OKAZJI DNIA NIEPODLEGLOSCI"]
[Site "Centrum Kongresow i Rekreacji Orle Gniazdo ul. Wrzosowa 28a, Szczyrk"]
[Date "1899-12-30"]
[Round "7.15"]
[White "Chodorowski, Adrian"]
[Black "Rak, Maciej"]
[Result "0-1"]
[WhiteTitle "II"]
[BlackTitle "II+"]
[WhiteElo "1392"]
[BlackElo "1748"]

1. c4 e5 2. Nc3 d6 3. g3 g6 4. Bg2 Bg7 5. Nf3 f5 6. Qb3 c6 7. d3 Nd7 8. Ng5 Nc5
9. Qc2 h6 10. Nf3 Nf6 11. Be3 Ne6 12. d4 e4 13. Nd2 d5 14. cxd5 cxd5 15. Rc1 Bd7
16. Qb3 Bc6 17. f3 O-O 18. fxe4 fxe4 19. Ndxe4 Ng4 20. Nf2 Nxe3 21. Kd2 Nxg2 22.
Rhg1 Qg5+ 23. e3 Nxe3 24. Ke2 Nxd4+ 25. Ke1 Nxb3 26. Nh3 Qe7 0-1

[Event "TURNIEJ O PUCHAR UKS PALAC MLODZIEZY KATOWICE Z OKAZJI DNIA NIEPODLEGLOSCI"]
[Site "Centrum Kongresow i Rekreacji Orle Gniazdo ul. Wrzosowa 28a, Szczyrk"]
[Date "1899-12-30"]
[Round "7.16"]
[White "Bartkiewicz, Pawel"]
[Black "Przepiora, Anna"]
[Result "1/2-1/2"]
[WhiteTitle "I"]
[BlackTitle "II+"]
[WhiteElo "1698"]
[BlackElo "1354"]

1. e4 c5 2. Nf3 a6 3. c4 Nc6 4. d4 cxd4 5. Nxd4 d6 6. Be2 Nf6 7. Nc3 g6 8. Be3
Bg7 9. O-O O-O 10. Qd2 Ng4 11. Bxg4 Bxg4 12. f3 Bd7 13. Rfd1 Rc8 14. Rac1 Ne5
15. b3 Re8 16. Qf2 Qa5 17. Nde2 Rc6 18. h3 Be6 19. Nd4 Rcc8 20. Nxe6 fxe6 21.
Bb6 Qb4 22. Bd4 Qa5 23. f4 Nc6 24. Bxg7 Kxg7 25. Qb2 Kg8 26. Ne2 Rf8 27. Qd2 Qc5+
28. Kh1 Rf7 29. Rf1 Rcf8 30. Rc3 Qa5 31. Qe3 Qxa2 32. Kh2 Qa5 33. g3 b5 34. cxb5
Qxb5 35. Rfc1 Na5 36. Rc8 Qxb3 37. Qf2 Qb2 38. Rxf8+ Rxf8 39. Rd1 Nc4 1/2-1/2

[Event "TURNIEJ O PUCHAR UKS PALAC MLODZIEZY KATOWICE Z OKAZJI DNIA NIEPODLEGLOSCI"]
[Site "Centrum Kongresow i Rekreacji Orle Gniazdo ul. Wrzosowa 28a, Szczyrk"]
[Date "1899-12-30"]
[Round "7.17"]
[White "Namyslak, Piotr"]
[Black "Sloniewski, Michal"]
[Result "1-0"]
[WhiteTitle "I"]
[BlackTitle "I"]
[WhiteElo "1696"]
[BlackElo "1327"]

1. c4 Nf6 2. Nc3 g6 3. g3 Bg7 4. Bg2 O-O 5. e4 c5 6. d3 d6 7. Nge2 Nc6 8. O-O Rb8
9. f4 a6 10. b3 Ne8 11. Bb2 Bg4 12. h3 Bxe2 13. Qxe2 Nd4 14. Qd2 Nc7 15. Ne2 Nxe2+
16. Qxe2 b5 17. Bxg7 Kxg7 18. f5 a5 19. Qb2+ Kg8 20. f6 bxc4 21. dxc4 Ne6 22.
fxe7 Qxe7 23. Qf6 Qxf6 24. Rxf6 Kg7 25. Rf2 Nd4 26. Re1 a4 27. Rb1 axb3 28. axb3
Rxb3 29. Rxb3 Nxb3 30. Rb2 Nd4 31. Rb6 Rd8 32. Kf2 Kf6 33. Ke3 Ke6 34. h4 f5 35.
exf5+ Nxf5+ 36. Kf4 Rf8 37. Bd5+ Kf6 38. g4 Ne7 39. Rxd6+ Kg7+ 40. Kg3 Nxd5 41.
Rxd5 Rc8 42. Kf4 Kf6 43. Rd6+ Ke7 44. Ra6 Kf7 45. Ke5 Ke7 46. Ra7+ Kf8 47. Rxh7
Re8+ 48. Kd5 Rd8+ 49. Kxc5 Rc8+ 50. Kd5 Kg8 51. Ra7 Rd8+ 52. Kc5 Rc8+ 53. Kb5
Rb8+ 54. Kc6 Rd8 55. c5 Rd4 56. Rd7 Rxg4 57. Kc7 Rxh4 58. c6 Rc4 59. Rd6 Kh7 60.
Kd7 g5 61. c7 g4 62. c8=Q Rxc8 63. Kxc8 g3 64. Rd3 g2 65. Rg3 Kh6 66. Rxg2 Kh5
67. Kd7 Kh4 68. Ke6 Kh3 69. Rg8 Kh4 70. Kf5 1-0

[Event "TURNIEJ O PUCHAR UKS PALAC MLODZIEZY KATOWICE Z OKAZJI DNIA NIEPODLEGLOSCI"]
[Site "Centrum Kongresow i Rekreacji Orle Gniazdo ul. Wrzosowa 28a, Szczyrk"]
[Date "1899-12-30"]
[Round "7.18"]
[White "Wangrat, Jan"]
[Black "Tylenda, Krzysztof"]
[Result "0-1"]
[WhiteTitle "II"]
[BlackTitle "I"]
[WhiteElo "1373"]
[BlackElo "1688"]

1. e4 c5 2. Nf3 Nc6 3. d4 cxd4 4. Nxd4 g6 5. Nc3 Bg7 6. Be3 Nf6 7. Bc4 Qa5 8. O-O
O-O 9. Bb3 d6 10. f3 Bd7 11. Qd2 Rac8 12. Nxc6 bxc6 13. Bh6 c5 14. Bxg7 Kxg7 15.
Rad1 c4 16. Bxc4 Rxc4 17. Rfe1 Qb6+ 18. Kh1 Qxb2 19. Nd5 Nxd5 20. exd5 Rxc2 21.
Qg5 h6 22. Qg3 Re2 23. Rg1 Rc8 24. Qh4 Qf6 25. Qb4 Rcc2 26. Qb7 Bh3 27. Qxa7 Bxg2+
28. Rxg2 Rxg2 29. a4 Qh4 30. Qd4+ 0-1

[Event "TURNIEJ O PUCHAR UKS PALAC MLODZIEZY KATOWICE Z OKAZJI DNIA NIEPODLEGLOSCI"]
[Site "Centrum Kongresow i Rekreacji Orle Gniazdo ul. Wrzosowa 28a, Szczyrk"]
[Date "1899-12-30"]
[Round "7.19"]
[White "Surpeta, Julia"]
[Black "Trybowska, Barbara"]
[Result "0-1"]
[WhiteTitle "I"]
[BlackTitle "I"]
[WhiteElo "1349"]
[BlackElo "1665"]

1. d4 d5 2. Nc3 Nf6 3. Bg5 c6 4. Bxf6 gxf6 5. e3 Bf5 6. Bd3 Bg6 7. Bxg6 hxg6 8.
Nf3 e6 9. Qd3 Nd7 10. O-O-O Nb6 11. Kb1 Nc4 12. Nd2 b5 13. b3 Nb6 14. e4 dxe4
15. Ndxe4 a5 16. Qe3 a4 17. Nc5 axb3 18. cxb3 Qc7 19. Rd2 Bd6 20. g3 Nd7 21. Rc1
Nxc5 22. dxc5 Be5 23. Ne4 Rxh2 24. Nd6+ Bxd6 25. cxd6 Qd7 26. Qc3 Rc8 27. Qxf6
Kf8 28. Qe5 Rh5 29. Qe2 Kg7 30. f4 Rh3 31. g4 Rh4 32. g5 Rh5 33. Qe5+ Kf8 34.
Rcc2 Ke8 35. Rh2 Qa7 36. Rxh5 gxh5 37. Qh8+ Kd7 38. Qxh5 Qg1+ 39. Rc1 Qd4 40.
Qxf7+ Kxd6 41. Qf6 Qxf6 42. gxf6 Rf8 43. Rd1+ Kc7 44. Re1 Rxf6 45. Re4 Kd6 46.
Kc2 Kd5 47. Kd3 Rh6 48. Re5+ Kd6 49. Kd4 Rh2 50. a3 Rh1 51. a4 c5+ 52. Kc3 bxa4
53. bxa4 Rf1 54. Re4 Kd5 55. Re2 Rxf4 56. a5 Ra4 57. Rd2+ Kc6 58. Re2 0-1

[Event "TURNIEJ O PUCHAR UKS PALAC MLODZIEZY KATOWICE Z OKAZJI DNIA NIEPODLEGLOSCI"]
[Site "Centrum Kongresow i Rekreacji Orle Gniazdo ul. Wrzosowa 28a, Szczyrk"]
[Date "1899-12-30"]
[Round "7.20"]
[White "Pluta, Natalia"]
[Black "Kalkowski, Igor"]
[Result "1-0"]
[WhiteTitle "I"]
[BlackTitle "II"]
[WhiteElo "1652"]
[BlackElo "1284"]

1. c4 Nf6 2. g3 g6 3. Bg2 Bg7 4. Nc3 O-O 5. e3 d6 6. Nge2 e5 7. O-O Nc6 8. d3 Ne8
9. Rb1 f5 10. b4 Nf6 11. b5 Ne7 12. a4 h6 13. f4 Nd7 14. Ba3 Kh7 15. d4 e4 16.
c5 d5 17. c6 Nf6 18. Qb3 Re8 19. cxb7 Bxb7 20. a5 a6 21. b6 c6 22. Na4 Rb8 23.
Nc5 Nd7 24. Rfc1 Nxc5 25. Bxc5 Rc8 26. Nc3 Ng8 27. Bf1 Nf6 28. h3 Nd7 29. Na4
g5 30. Bd6 gxf4 31. Bxf4 Qf6 32. Nc5 Nxc5 33. Rxc5 Rg8 34. Qd1 Bf8 35. Rc2 Bd6
36. Kh2 Bxf4 37. exf4 Qg7 38. Rg2 Qf7 39. Rc1 Qe7 40. Rc5 Qd6 41. Qc2 Qg6 42.
Qc3 Qe6 43. Be2 Rg7 44. Bh5 Ra8 45. Qe3 Rc8 46. Bd1 Ra8 47. Qe2 Rc8 48. Qh5 Ra8
49. Be2 Rc8 50. g4 Qd6 51. Qxf5+ Kh8 52. Qe5 Qg6 53. f5 Qf7 54. Rf2 Rg5 55. Qe6
Qg7 56. f6 Qf8 57. Qe7 Rg6 58. Qxb7 1-0

[Event "TURNIEJ O PUCHAR UKS PALAC MLODZIEZY KATOWICE Z OKAZJI DNIA NIEPODLEGLOSCI"]
[Site "Centrum Kongresow i Rekreacji Orle Gniazdo ul. Wrzosowa 28a, Szczyrk"]
[Date "1899-12-30"]
[Round "7.21"]
[White "Lascar, Maria Elena"]
[Black "Posluszny, Tomasz"]
[Result "1/2-1/2"]
[WhiteTitle "I+"]
[BlackTitle "II"]
[WhiteElo "1340"]
[BlackElo "1627"]

1. e4 c5 2. Nf3 e6 3. d4 cxd4 4. Nxd4 Nf6 5. Nc3 Nc6 6. Ndb5 Bb4 7. Nd6+ Ke7 8.
a3 Bxd6 9. f4 e5 10. f5 Bc5 11. h3 d5 12. exd5 Nd4 13. Bg5 Bxf5 14. Bd3 Bxd3 15.
Qxd3 h6 16. Bh4 Qb6 17. O-O-O Kd7 18. Na4 Qc7 19. c3 Nb3+ 20. Kc2 a6 21. Kxb3
b5 22. Nxc5+ Qxc5 23. Kc2 e4 24. Qe2 Rhe8 25. Bxf6 gxf6 26. Rhf1 Qe7 27. Qg4+
Kd8 28. Rfe1 Qe5 29. d6 f5 30. Qh4+ f6 31. Qxh6 a5 32. Qg7 Qc5 33. b4 axb4 34.
axb4 Qf2+ 35. Rd2 Ra2+ 36. Kb3 Qa7 37. Rxa2 Qxg7 38. Ra8+ Kd7 39. Ra7+ Kxd6 40.
Rxg7 Re5 41. Rd1+ Ke6 42. g4 f4 43. Rgd7 e3 44. R7d6+ Ke7 45. Rd7+ Kf8 46. Rd8+
Kg7 47. R8d7+ Kg6 48. h4 f3 49. h5+ Kg5 50. Rg7+ Kh4 51. Re1 f2 52. Rh1+ Kg3 53.
h6 e2 54. h7 e1=Q 55. Rxe1 fxe1=Q 56. h8=Q Qb1+ 57. Ka3 Qa1+ 58. Kb3 Qb1+ 59.
Ka3 Qa1+ 60. Kb3 Qa4+ 61. Kb2 Re2+ 62. Kb1 Qc2+ 1/2-1/2

[Event "TURNIEJ O PUCHAR UKS PALAC MLODZIEZY KATOWICE Z OKAZJI DNIA NIEPODLEGLOSCI"]
[Site "Centrum Kongresow i Rekreacji Orle Gniazdo ul. Wrzosowa 28a, Szczyrk"]
[Date "1899-12-30"]
[Round "7.22"]
[White "Bartoszewski-reiski, Olaf"]
[Black "Koseski, Damian"]
[Result "1-0"]
[WhiteTitle "II"]
[BlackTitle "I"]
[WhiteElo "1233"]
[BlackElo "1611"]

1. e4 c5 2. Nf3 d6 3. d4 Nf6 4. dxc5 Nxe4 5. cxd6 Nc6 6. Nc3 Nxd6 7. Nb5 Qa5+ 8.
Bd2 Qb6 9. Nxd6+ exd6 10. Bc4 Ne5 11. Nxe5 dxe5 12. Qe2 Qxb2 13. O-O Be7 14. Bb5+
Bd7 15. Bxd7+ Kxd7 16. Rab1 Qxa2 17. Rxb7+ Kd8 18. Qd3+ Ke8 19. Qb5+ 1-0

[Event "TURNIEJ O PUCHAR UKS PALAC MLODZIEZY KATOWICE Z OKAZJI DNIA NIEPODLEGLOSCI"]
[Site "Centrum Kongresow i Rekreacji Orle Gniazdo ul. Wrzosowa 28a, Szczyrk"]
[Date "1899-12-30"]
[Round "7.23"]
[White "Golinski, Kacper"]
[Black "Jarzebowski, Kacper"]
[Result "0-1"]
[WhiteTitle "II"]
[BlackTitle "I+"]
[WhiteElo "1300"]
[BlackElo "1561"]

1. e4 c5 2. Nf3 a6 3. d4 cxd4 4. Nxd4 Nf6 5. Bd3 e5 6. Nb3 b5 7. a3 Bb7 8. Nc3
d6 9. O-O Be7 10. Kh1 O-O 11. f4 Nbd7 12. Be3 Qc7 13. Qf3 Rac8 14. Rae1 exf4 15.
Bxf4 Ne5 16. Bxe5 dxe5 17. Qh3 Qb6 18. Re3 Rfd8 19. Rg3 Rxc3 20. bxc3 Nxe4 21.
Bxe4 Bxe4 22. Qg4 Bg6 23. h4 h5 24. Qe2 e4 25. Nd4 Bxh4 26. Rh3 Bf6 27. Nf5 Qe6
28. Ne3 Bxc3 29. Rd1 Rxd1+ 30. Qxd1 Be5 31. Nf1 Bf4 32. Qe1 0-1